1923, occupation de la Ruhr : la faute française ? (notice n° 1701190)
[ vue normale ]
| 000 -LEADER | |
|---|---|
| fixed length control field | 00895cam a2200205 4500500 |
| 005 - DATE AND TIME OF LATEST TRANSACTION | |
| control field | 20260315005211.0 |
| 041 ## - LANGUAGE CODE | |
| Language code of text/sound track or separate title | fre |
| 042 ## - AUTHENTICATION CODE | |
| Authentication code | dc |
| 100 10 - MAIN ENTRY--PERSONAL NAME | |
| Personal name | Wirsching, Andreas |
| Relator term | author |
| 245 00 - TITLE STATEMENT | |
| Title | 1923, occupation de la Ruhr : la faute française ? |
| 260 ## - PUBLICATION, DISTRIBUTION, ETC. | |
| Date of publication, distribution, etc. | 2023.<br/> |
| 500 ## - GENERAL NOTE | |
| General note | 77 |
| 690 ## - LOCAL SUBJECT ADDED ENTRY--TOPICAL TERM (OCLC, RLIN) | |
| Topical term or geographic name as entry element | « Combat de la Ruhr ». Ensemble des moyens de lutte mis en place par les Allemands contre l’occupation de la Ruhr en 1923-1925 ( |
| 690 ## - LOCAL SUBJECT ADDED ENTRY--TOPICAL TERM (OCLC, RLIN) | |
| Topical term or geographic name as entry element | Diktat |
| 690 ## - LOCAL SUBJECT ADDED ENTRY--TOPICAL TERM (OCLC, RLIN) | |
| Topical term or geographic name as entry element | Littéralement « chose dictée ». Terme allemand utilisé pour désigner le traité de Versailles et les clauses imposées par les All |
| 690 ## - LOCAL SUBJECT ADDED ENTRY--TOPICAL TERM (OCLC, RLIN) | |
| Topical term or geographic name as entry element | Ruhrkampf |
| 700 10 - ADDED ENTRY--PERSONAL NAME | |
| Personal name | Perron, Coline |
| Relator term | author |
| 786 0# - DATA SOURCE ENTRY | |
| Note | L'Histoire - Les Collections | 100 | 3 | 2023-07-06 | p. 80-89 | 2727-6945 |
| 856 41 - ELECTRONIC LOCATION AND ACCESS | |
| Uniform Resource Identifier | <a href="https://shs.cairn.info/magazine-hist-l-hisoire-les-collections-2023-3-page-80?lang=fr&redirect-ssocas=7080">https://shs.cairn.info/magazine-hist-l-hisoire-les-collections-2023-3-page-80?lang=fr&redirect-ssocas=7080</a> |
Pas d'exemplaire disponible.




Réseaux sociaux